| 000 | 00823cam a22002651 4500 | ||
|---|---|---|---|
| 001 | sa 66000459 | ||
| 003 | DLC | ||
| 005 | 20260227112215.0 | ||
| 008 | 800613s1965 ii c b 010 0 eng | ||
| 010 | _asa 66000459 | ||
| 025 | _aPL480:I-E-4946 | ||
| 035 | _a(OCoLC)6419394 | ||
| 040 |
_aDLC _cNBuU _dDLC |
||
| 041 | 0 | _aenghin | |
| 050 | 0 | 0 |
_aBF108.I6 _bJ3 |
| 110 | 2 | _aJalota Commemoration Volume Committee. | |
| 245 | 1 | 0 |
_aPsychological researches in India; _ba commemoration volume in honour of Prof. Shyam Swaroóp Jalota. |
| 260 |
_aVaranasi, _c1965. |
||
| 300 |
_axiii, 261 p. _bport. _c25 cm. |
||
| 500 | _aIncludes 2 articles in Hindi. | ||
| 504 | _aIncludes bibliographies. | ||
| 650 | 0 |
_aPsychology _xResearch _zIndia. |
|
| 600 | 1 | 0 |
_aJalota, Shyam Swarup, _d1904- |
| 700 | 1 |
_aJalota, Shyam Swarup, _d1904- |
|
| 999 |
_c67261 _d67261 |
||